Historical 18 Quiz - Statistics

General Stats
  • This quiz has been taken 20 times
  • The average score is 4 of 10
Answer Stats
Year Question Answer % Correct
1918 Which disease became a pandemic killing over 30 million people? Spanish Flu
84%
1818 Which South American gained it's independence from Spain on Feb 12th? Chile
63%
1018 King Harald II of which Nordic country dies? Denmark
53%
1718 Which settlement in the south of what is now the USA was founded in New France? New Orleans
53%
1218 King Hugh I King of which Mediterranean island died? Cyprus
32%
1618 Which English adventurer was beheaded for conspiring treasonably against James I? Sir Walter Raleigh
32%
1318 Margurite of France dies leaving which English king a widower? Edward II
21%
1118 Arebellion against which English king broke out in Normandy? Henry I
16%
1418 Joao Goncalves Zarco led one of the first Portuguese expeditions to which group of islands? Madeira
16%
1518 In which French city did people die of the Dancing plague due to constant dancing? Strasbourg
16%
No matching quizzes found
Score Distribution
Percent of People with Each Score
Percentile by Number Answered
Your Score History
You have not taken this quiz